[Event "Reykjavik Open 2013"]
[Site "Reykjavik ISL"]
[Date "2013.02.27"]
[Round "10.65"]
[White "Bjarnason, Saevar"]
[Black "Finnbogadottir, Tinna Kristin"]
[Result "1-0"]
[WhiteTitle "IM"]
[WhiteElo "2133"]
[BlackElo "1871"]
[WhiteFideId "2300176"]
[BlackFideId "2300214"]
[EventDate "2013.02.19"]

1. d4 d5 2. c4 c6 3. Nc3 Nf6 4. Nf3 e6 5. Bg5 h6 6. Bxf6 Qxf6 7. e3 Bd6 8. Bd3
O-O 9. O-O Qe7 10. e4 dxe4 11. Nxe4 Nd7 12. Re1 Nf6 13. Qc2 b6 14. Rad1 Bb7 15.
Nxf6+ Qxf6 16. c5 Bc7 17. Bh7+ Kh8 18. Be4 Rad8 19. a4 Ba8 20. b4 a5 21. b5 cxb5
22. Bxa8 Rxa8 23. axb5 a4 24. Ra1 Ra5 25. Reb1 bxc5 26. Rxa4 cxd4 27. Rxd4 Bb6
28. Rc4 Ra1 29. Rc6 Rxb1+ 30. Qxb1 Ra8 31. Rxb6 Ra1 32. Rb8+ 1-0

[Event "Reykjavik Open 2013"]
[Site "Reykjavik ISL"]
[Date "2013.02.27"]
[Round "10.67"]
[White "Raddatz, Michael"]
[Black "Saemundsson, Bjarni"]
[Result "1/2-1/2"]
[WhiteElo "2075"]
[BlackElo "1935"]
[WhiteFideId "4613252"]
[BlackFideId "2302900"]
[EventDate "2013.02.19"]

1. e4 e5 2. Nf3 Nc6 3. Bb5 a6 4. Bxc6 dxc6 5. O-O Bg4 6. h3 h5 7. d3 Qf6 8. Nbd2
Ne7 9. Nc4 Bxf3 10. Qxf3 Qxf3 11. gxf3 Ng6 12. Be3 f6 13. Kh2 Bd6 14. Rg1 Kf7
15. Rg3 Ne7 16. Rag1 Rag8 17. f4 exf4 18. Nxd6+ cxd6 19. Bxf4 d5 20. Bd6 g5 21.
Bxe7 Kxe7 22. h4 g4 23. f3 dxe4 24. dxe4 Rd8 25. fxg4 Rd4 26. Re3 hxg4 27. Rxg4
Rd2+ 28. Kg3 Rxc2 29. Rg7+ Ke6 30. Rxb7 Rg8+ 31. Kf4 Rcg2 32. Rh3 R2g4+ 33. Kf3
Rg2 34. h5 Rd2 35. Ke3 Rgg2 36. h6 Rde2+ 37. Kf4 Rgf2+ 38. Rf3 Rh2 39. h7 Rh4+
40. Kg3 Reh2 41. a4 R2h3+ 42. Kf2 Rxh7 43. Rb6 Rxf3+ 44. Kxf3 Ke5 45. Rxc6 Rh3+
46. Ke2 Rb3 47. Rxa6 Kxe4 48. Rxf6 Rxb2+ 49. Kd1 Ra2 50. Rh6 Kd3 51. Kc1 Kc4 52.
Kb1 Rxa4 1/2-1/2

[Event "Reykjavik Open 2013"]
[Site "Reykjavik ISL"]
[Date "2013.02.27"]
[Round "10.69"]
[White "Van Heirzeele, Daniel"]
[Black "Ingason, Sigurdur"]
[Result "1-0"]
[WhiteElo "2125"]
[BlackElo "1878"]
[WhiteFideId "200425"]
[BlackFideId "2301709"]
[EventDate "2013.02.19"]

1. d4 d5 2. c4 c6 3. Nf3 Nf6 4. Nc3 a6 5. a4 e6 6. g3 c5 7. cxd5 exd5 8. Bg2 Nc6
9. O-O Bg4 10. Bg5 Be7 11. dxc5 d4 12. Bxf6 Bxf6 13. Ne4 Be7 14. Rc1 O-O 15. Qb3
Rb8 16. Rfd1 Be6 17. Qd3 f5 18. Nd6 Bxd6 19. cxd6 Qxd6 20. Nxd4 Nxd4 21. Qxd4
Qxd4 22. Rxd4 b5 23. a5 Bc4 24. e3 Be6 25. Rc6 Bc8 26. Rb6 Rxb6 27. axb6 Be6 28.
b7 1-0

[Event "Reykjavik Open 2013"]
[Site "Reykjavik ISL"]
[Date "2013.02.27"]
[Round "10.71"]
[White "Knutsson, Larus"]
[Black "Leimeister, Winfried"]
[Result "1-0"]
[WhiteElo "2072"]
[BlackElo "1909"]
[WhiteFideId "2806231"]
[BlackFideId "24653721"]
[EventDate "2013.02.19"]

1. e4 c5 2. c3 g6 3. Nf3 Bg7 4. d4 cxd4 5. cxd4 d5 6. e5 Nh6 7. Be2 O-O 8. O-O
Nc6 9. b3 Bg4 10. Bb2 Bxf3 11. Bxf3 e6 12. Re1 Nf5 13. Bg4 Kh8 14. Bxf5 gxf5 15.
Re3 f4 16. Rh3 Qg5 17. Nd2 Rg8 18. Nf3 Qg6 19. Qb1 Bh6 20. Qxg6 Rxg6 21. Kf1 Ne7
22. Rc1 Rc8 23. Rxc8+ Nxc8 24. Ba3 Bg7 25. Nh4 Rg4 26. Rc3 Nb6 27. Nf3 f6 28.
Rc7 fxe5 29. dxe5 Bh6 30. Rxb7 Rg7 31. Be7 Kg8 32. Rxa7 d4 33. Nxd4 Nd5 34. Ra8+
Kf7 35. Bd6 1-0

[Event "Reykjavik Open 2013"]
[Site "Reykjavik ISL"]
[Date "2013.02.27"]
[Round "10.73"]
[White "Hardarson, Jon Trausti"]
[Black "Haraldsson, Leif"]
[Result "1/2-1/2"]
[WhiteElo "1853"]
[BlackElo "2028"]
[WhiteFideId "2302594"]
[BlackFideId "1710648"]
[EventDate "2013.02.19"]

1. e4 e5 2. Nf3 Qe7 3. Nc3 c6 4. d4 d6 5. Bc4 h6 6. O-O Nf6 7. a4 a5 8. b3 Bg4
9. Re1 Qc7 10. Ba3 Nbd7 11. Qd2 g5 12. dxe5 dxe5 13. Bxf8 Kxf8 14. Qe3 Rg8 15.
Ne2 Be6 16. Bxe6 fxe6 17. Nc1 b6 18. Nd3 Ke7 19. Qc1 g4 20. Nd2 Rg5 21. Qa3+ Kf7
22. Rad1 Rag8 23. Nc4 c5 24. Ndb2 h5 25. Nd6+ Ke7 26. Nbc4 Qc6 27. Qc1 h4 28.
Qe3 Nh5 29. Nb5 g3 30. fxg3 Nxg3 31. hxg3 Rxg3 32. Qd2 h3 33. Re2 Rxg2+ 34. Kh1
R2g5 35. Qd6+ Qxd6 36. Rxd6 Nf6 37. Nxb6 Nh5 38. Rd7+ Kf6 39. Rf2+ Nf4 40. Rd1
Rg2 41. Rdf1 Kg5 42. Nd7 Kh4 43. Nc3 Kg3 44. Rf3+ Kh4 45. R3f2 Rg1+ 46. Kh2
R1g2+ 47. Kh1 Rg1+ 1/2-1/2

[Event "Reykjavik Open 2013"]
[Site "Reykjavik ISL"]
[Date "2013.02.27"]
[Round "10.76"]
[White "Michel, Steve"]
[Black "Masson, Kjartan"]
[Result "1-0"]
[WhiteElo "2008"]
[BlackElo "1856"]
[WhiteFideId "1015931"]
[BlackFideId "2303809"]
[EventDate "2013.02.19"]

1. d4 Nf6 2. c4 e6 3. Nc3 Be7 4. e4 O-O 5. Nf3 d5 6. e5 Ne4 7. Bd3 Nxc3 8. bxc3
c5 9. O-O Nc6 10. Be3 b6 11. cxd5 exd5 12. a3 c4 13. Bc2 Bg4 14. Qb1 g6 15. Nd2
Bg5 16. Bxg5 Qxg5 17. f4 Qh6 18. h3 Bc8 19. Rf3 f5 20. Qb5 Ne7 21. a4 Be6 22. a5
Rfb8 23. axb6 Rxb6 24. Qc5 Nc8 25. Nf1 Qf8 26. Qa5 Rab8 27. Ba4 Rb1 28. Rxb1
Rxb1 29. Bc6 Ne7 30. Qc7 Nxc6 31. Qxc6 Qc8 32. Qd6 Qd7 33. Qa6 Rb6 34. Qa5 Rb5
35. Qa1 Qb7 36. Kh2 Rb2 37. Ne3 Qb6 38. Rf1 Rb3 39. Rf2 a5 40. Rc2 Rb5 41. Kg3
Kf7 42. Kf3 Rb3 43. Rc1 Qb5 44. g4 a4 45. Qa2 a3 46. Qf2 Qd7 47. Qh4 Kg8 48. Qf6
a2 49. gxf5 Bxf5 50. Ra1 Rb2 51. Qa6 Be4+ 52. Kg3 Re2 53. Ng4 Rg2+ 54. Kh4 Rxg4+
55. hxg4 g5+ 56. Kxg5 Qe7+ 57. Qf6 h6+ 58. Kxh6 Qxf6+ 59. exf6 Bb1 60. g5 Kf7 1-0

[Event "Reykjavik Open 2013"]
[Site "Reykjavik ISL"]
[Date "2013.02.27"]
[Round "10.77"]
[White "Kleinert, Juergen"]
[Black "Ohlsson, Mikael"]
[Result "0-1"]
[WhiteElo "1991"]
[BlackElo "1811"]
[WhiteFideId "4659180"]
[BlackFideId "1719700"]
[EventDate "2013.02.19"]

1. e4 d6 2. d4 Nf6 3. Nc3 g6 4. Be2 Bg7 5. Be3 O-O 6. h4 e5 7. d5 c6 8. dxc6
bxc6 9. Bg5 Be6 10. Nf3 Qc7 11. Bxf6 Bxf6 12. Ng5 Nd7 13. Qd2 Nb6 14. Nxe6 fxe6
15. O-O-O Rad8 16. Qh6 Qg7 17. Qe3 Qe7 18. Qh3 Bg7 19. Rdf1 d5 20. g4 d4 21. Nd1
Rf4 22. f3 h6 23. Nf2 c5 24. Nd3 Rf7 25. f4 c4 26. Nxe5 Bxe5 27. fxe5 Rdf8 28.
Rxf7 Rxf7 29. Rd1 Qc5 30. g5 Qxe5 31. Bg4 Rf2 32. Re1 d3 33. Rf1 Qf4+ 0-1

[Event "Reykjavik Open 2013"]
[Site "Reykjavik ISL"]
[Date "2013.02.27"]
[Round "10.78"]
[White "Orlova, Yelizaveta"]
[Black "Hyotyla, Tapio"]
[Result "1/2-1/2"]
[WhiteTitle "WC"]
[WhiteElo "1978"]
[BlackElo "1792"]
[WhiteFideId "2601826"]
[BlackFideId "501026"]
[EventDate "2013.02.19"]

1. b3 d5 2. Bb2 Bg4 3. g3 Nf6 4. Bg2 c6 5. Nf3 Nbd7 6. O-O e6 7. d4 Bd6 8. Nbd2
Bxf3 9. Bxf3 O-O 10. c4 Re8 11. e4 dxe4 12. Nxe4 Nxe4 13. Bxe4 Nf6 14. Bg2 Be7
15. Qc2 Qa5 16. a3 Rad8 17. b4 Qh5 18. Rad1 Rd7 19. h3 Red8 20. Rde1 Qg6 21.
Qxg6 hxg6 22. f4 Ne8 23. d5 cxd5 24. cxd5 exd5 25. Bxd5 Rxd5 26. Rxe7 R5d7 1/2-1/2

[Event "Reykjavik Open 2013"]
[Site "Reykjavik ISL"]
[Date "2013.02.27"]
[Round "10.79"]
[White "Leosson, Atli Johann"]
[Black "Bjornes, Leif"]
[Result "1/2-1/2"]
[WhiteElo "1736"]
[BlackElo "1957"]
[WhiteFideId "2308533"]
[BlackFideId "1507397"]
[EventDate "2013.02.19"]

1. e4 c6 2. Nf3 d5 3. exd5 cxd5 4. d4 Nc6 5. c3 Nf6 6. Bf4 Qb6 7. Qb3 Qxb3 8.
axb3 Bd7 9. Nbd2 g6 10. b4 Bg7 11. Bd3 O-O 12. O-O Bf5 13. Bxf5 gxf5 14. Nb3 Ne4
15. b5 Nd8 16. Nh4 Ne6 17. Bd2 Nd6 18. f4 Bf6 19. Be1 Nc7 20. b6 axb6 21. Bf2 e6
22. Nf3 1/2-1/2

[Event "Reykjavik Open 2013"]
[Site "Reykjavik ISL"]
[Date "2013.02.27"]
[Round "10.80"]
[White "Hojgaard, Brandur"]
[Black "Helin, Mikael"]
[Result "0-1"]
[WhiteElo "1734"]
[BlackElo "1910"]
[WhiteFideId "7201478"]
[BlackFideId "1703838"]
[EventDate "2013.02.19"]

1. d4 d5 2. Nf3 Nc6 3. Bf4 Bg4 4. e3 f6 5. Be2 g5 6. Bg3 h5 7. h3 Be6 8. Nfd2
Bf7 9. c4 e6 10. Nc3 Nge7 11. Rc1 Nf5 12. Bh2 a6 13. a3 Nfe7 14. b4 f5 15. Nf3
g4 16. Ng5 Bg8 17. f4 Ng6 18. g3 h4 19. Kf2 Be7 20. hxg4 Bxg5 21. gxf5 Nxf4 22.
gxf4 Bf6 23. Bh5+ Kf8 24. fxe6 Ne7 25. cxd5 h3 26. e4 c6 27. e5 Bh4+ 28. Bg3
Bxg3+ 29. Kxg3 Nf5+ 30. Kh2 Qh4 31. e7+ Kxe7 32. d6+ Kd8 33. Qg4 Qf2+ 34. Kxh3
Rxh5+ 0-1

[Event "Reykjavik Open 2013"]
[Site "Reykjavik ISL"]
[Date "2013.02.27"]
[Round "10.81"]
[White "Ghaderi, Arman K"]
[Black "Rodriguez Fonseca, Jorge"]
[Result "0-1"]
[WhiteElo "1827"]
[BlackElo "2009"]
[WhiteFideId "1511890"]
[BlackFideId "2224658"]
[EventDate "2013.02.19"]

1. e4 d5 2. exd5 Nf6 3. d4 Bg4 4. Nf3 Qxd5 5. Be2 Nc6 6. c4 Qh5 7. O-O O-O-O 8.
h3 Nxd4 9. Nxd4 Bxe2 10. Qxe2 Rxd4 11. Qe3 Rd1 12. Nc3 Rxf1+ 13. Kxf1 Qa5 14.
Bd2 Qb6 15. Qxb6 axb6 16. Ke2 e5 17. a3 Bc5 18. Be3 Bxe3 19. Kxe3 Rd8 20. Rd1
Rxd1 21. Nxd1 Kd7 22. Nc3 Ke6 23. Ne2 Ne8 24. Nc3 Nd6 25. b3 Nf5+ 26. Ke4 Nd4
27. b4 Nc2 28. Nb1 f5+ 29. Kf3 Ne1+ 30. Kg3 f4+ 31. Kh2 e4 32. Kg1 Ke5 33. Kf1
Nd3 34. Ke2 Kd4 35. Nd2 Ne5 36. c5 bxc5 37. bxc5 Nc4 38. Nb3+ Kc3 39. c6 b6 40.
Nc1 Nxa3 41. f3 e3 42. Nd3 g5 43. Ne5 Nc2 44. Nf7 Nd4+ 45. Ke1 Ne6 46. Ke2 b5
47. Ne5 b4 48. Nd3 Nd4+ 49. Ke1 Kxd3 50. h4 e2 0-1

[Event "Reykjavik Open 2013"]
[Site "Reykjavik ISL"]
[Date "2013.02.27"]
[Round "10.82"]
[White "De Winter, Eric"]
[Black "Newrkla, Alexander"]
[Result "0-1"]
[WhiteElo "1823"]
[BlackElo "1969"]
[WhiteFideId "1033069"]
[BlackFideId "1610830"]
[EventDate "2013.02.19"]

1. g3 d5 2. Bg2 e5 3. d3 Nf6 4. Nf3 Nbd7 5. Nbd2 Be7 6. c3 O-O 7. O-O c6 8. a4
e4 9. Nh4 exd3 10. exd3 Nc5 11. Ndf3 Ne8 12. b4 Na6 13. Bh1 Bg4 14. Ng2 Bf6 15.
d4 Nd6 16. Ne3 Bh5 17. Qb3 Re8 18. Bg2 Nc7 19. Ra2 Qd7 20. Bd2 Bg6 21. Re1 Be4
22. Bc1 Re7 23. Nd2 Bxg2 24. Kxg2 Rae8 25. Ndf1 Ne6 26. h4 Nc4 27. Qd1 Bxh4 28.
Qg4 Bf6 29. Nxc4 dxc4 30. Ne3 Bg5 31. Qf3 Bxe3 32. Rxe3 Qd5 33. Rae2 Qxf3+ 34.
Rxf3 Nf4+ 35. Bxf4 Rxe2 36. Bd6 f6 37. a5 a6 38. Rf5 R8e3 39. d5 Rxc3 40. dxc6
bxc6 41. Rc5 Rcc2 42. Rxc6 Rxf2+ 43. Kh3 Rh2+ 44. Kg4 Rcf2 45. Bf4 g6 46. Rxf6
c3 47. Rxa6 Rb2 48. Rc6 c2 49. Kg5 Kf7 50. Rc7+ Ke6 51. a6 Rxb4 52. a7 Rh5+ 53.
Kg4 Ra5 54. Kh3 Rxf4 55. gxf4 Rxa7 56. Rxc2 Kf5 57. Rf2 Ra3+ 58. Kh4 Ra1 59. Kg3
Ra3+ 60. Kh4 h6 61. Rf1 Ra4 62. Kg3 h5 63. Rb1 Ra3+ 64. Kh4 Kxf4 65. Rb4+ Kf5 0-1

[Event "Reykjavik Open 2013"]
[Site "Reykjavik ISL"]
[Date "2013.02.27"]
[Round "10.83"]
[White "Kjartansson, Dagur"]
[Black "Birgisson, Ingvar Orn"]
[Result "0-1"]
[WhiteElo "1623"]
[BlackElo "1953"]
[WhiteFideId "2303299"]
[BlackFideId "2301407"]
[EventDate "2013.02.19"]

1. c4 e5 2. Nc3 Nc6 3. g3 f5 4. Bg2 Nf6 5. e3 d6 6. Nge2 Be7 7. O-O O-O 8. b3
Qe8 9. Bb2 Qh5 10. Nd5 Bd8 11. Nxf6+ Bxf6 12. f4 e4 13. Bxf6 Rxf6 14. Nc3 Qxd1
15. Rfxd1 Nb4 16. a3 Nd3 17. Nd5 Rf7 18. Bf1 c6 19. Nc3 Be6 20. Bxd3 exd3 21.
Re1 d5 22. cxd5 cxd5 23. Nb5 Rc8 24. b4 Bd7 25. Nd6 Rc2 26. Nxf7 Kxf7 27. Rec1
Rxd2 28. Rd1 Re2 29. Rxd3 Bc6 30. h4 Kg6 31. Rad1 Kh5 32. R1d2 Re1+ 33. Kf2 Rb1
34. Rxd5 Bxd5 35. Rxd5 Kg4 36. e4 Rb2+ 37. Ke3 Rb3+ 38. Kd4 fxe4 39. Rg5+ Kf3
40. Rxg7 e3 41. Rxh7 Kxg3 42. Rxb7 Rxa3 43. Re7 Kf2 44. f5 e2 45. f6 Rf3 46.
Rxe2+ Kxe2 47. Ke5 Re3+ 48. Kd6 Rf3 49. Ke7 Re3+ 50. Kf8 Rh3 51. h5 Rxh5 52. Ke7
Rf5 53. f7 Kd3 54. b5 Kc4 0-1

[Event "Reykjavik Open 2013"]
[Site "Reykjavik ISL"]
[Date "2013.02.27"]
[Round "10.84"]
[White "Meier, Gerd"]
[Black "Johansen, Arnt-Ole"]
[Result "0-1"]
[WhiteElo "1949"]
[BlackElo "1817"]
[WhiteFideId "4682971"]
[BlackFideId "1516728"]
[EventDate "2013.02.19"]

1. e4 c6 2. d4 d5 3. Nc3 dxe4 4. Nxe4 Bf5 5. Ng3 Bg6 6. Nf3 Nd7 7. h4 h6 8. h5
Bh7 9. Bd3 Bxd3 10. Qxd3 e6 11. Bf4 Qa5+ 12. Bd2 Bb4 13. c3 Be7 14. Ne4 Ngf6 15.
c4 Qc7 16. O-O-O Nxe4 17. Qxe4 Nf6 18. Qe2 O-O-O 19. g3 c5 20. Bc3 cxd4 21. Nxd4
a6 22. Kb1 Rd7 23. Nb3 Rhd8 24. Rc1 Qc6 25. Rhe1 Rd3 26. Be5 Qf3 27. c5 Qxe2 28.
Rxe2 R8d5 29. c6 Rd1 30. cxb7+ Kxb7 31. Na5+ Kb6 32. Bc7+ Kb5 33. Rc2 Rxc1+ 34.
Rxc1 Rxh5 35. Nb3 Rd5 36. Bf4 e5 37. Be3 Nd7 38. Ba7 Bc5 39. Nxc5 Nxc5 40. a3
Ne6 41. Rc2 e4 42. Re2 Ng5 43. Bb8 f5 44. b3 Nf3 45. Bf4 Rd3 46. Kb2 Nd4 47. a4+
Kc6 48. Rd2 Rxd2+ 49. Bxd2 Ne6 50. Kc3 h5 51. Kc4 g5 52. Bc3 h4 53. gxh4 gxh4
54. b4 h3 55. b5+ axb5+ 56. axb5+ Kb7 57. Be5 f4 0-1

[Event "Reykjavik Open 2013"]
[Site "Reykjavik ISL"]
[Date "2013.02.27"]
[Round "10.85"]
[White "Einarsson, Oskar Long"]
[Black "Jensen, Soren3"]
[Result "0-1"]
[WhiteElo "1613"]
[BlackElo "1909"]
[WhiteFideId "2309220"]
[BlackFideId "1421204"]
[EventDate "2013.02.19"]

1. e4 e5 2. Nf3 Nc6 3. Bb5 f5 4. Nc3 fxe4 5. Nxe4 Nf6 6. Qe2 d5 7. Nxf6+ gxf6 8.
Nd4 Qd6 9. Nxc6 bxc6 10. Qh5+ Kd8 11. Ba4 Ba6 12. Qf7 Be7 13. Qg7 Rf8 14. Qxh7
Kc8 15. Qf5+ Kb7 16. Qf3 Rab8 17. Qa3 Qe6 18. Bxc6+ Qxc6 19. Qxe7 Qxc2 20. Qa3
Qe4+ 0-1

[Event "Reykjavik Open 2013"]
[Site "Reykjavik ISL"]
[Date "2013.02.27"]
[Round "10.86"]
[White "Mehringer, Joerg"]
[Black "Hauksdottir, Hrund"]
[Result "1-0"]
[WhiteElo "1908"]
[BlackElo "1671"]
[WhiteFideId "12915351"]
[BlackFideId "2302608"]
[EventDate "2013.02.19"]

1. e4 e5 2. Nf3 Nc6 3. Bb5 a6 4. Ba4 Nf6 5. d3 Bc5 6. O-O d6 7. h3 h6 8. Nc3 O-O
9. Be3 Ba7 10. Bb3 Ne7 11. Nh4 Be6 12. Qe2 Bxe3 13. fxe3 d5 14. exd5 Nexd5 15.
Nxd5 Bxd5 16. Nf5 Bxb3 17. axb3 Nd5 18. Ra4 Kh7 19. Rh4 Ne7 20. Qh5 Nxf5 21.
Qxf5+ Kg8 22. Rg4 Qd6 23. Rf3 g6 24. Qe4 f5 25. Rxf5 Rxf5 26. Qxf5 Kh7 27. Qf7+
Kh8 28. Rxg6 1-0

[Event "Reykjavik Open 2013"]
[Site "Reykjavik ISL"]
[Date "2013.02.27"]
[Round "10.90"]
[White "Traustason, Ingi Tandri"]
[Black "Davidsdottir, Nansy"]
[Result "1-0"]
[WhiteElo "1840"]
[BlackElo "1479"]
[WhiteFideId "2302934"]
[BlackFideId "2309491"]
[EventDate "2013.02.19"]

1. d4 Nf6 2. c4 e6 3. Nc3 d5 4. Bg5 Be7 5. cxd5 exd5 6. Qc2 c6 7. e3 Nbd7 8. Bd3
h6 9. Bh4 b6 10. Nge2 c5 11. b3 O-O 12. O-O Bb7 13. f3 Rc8 14. Qd2 cxd4 15. exd4
Re8 16. Nd1 Nh7 17. Bf2 Ng5 18. Ne3 Ne6 19. Nf5 a5 20. Bg3 Nf6 21. Be5 Bb4 22.
Qb2 Nh7 23. a3 Be7 24. b4 Bc6 25. Rac1 axb4 26. axb4 Rf8 27. Qc2 Nf6 28. Qd2 Nh7
29. Nxh6+ gxh6 30. Qxh6 1-0

[Event "Reykjavik Open 2013"]
[Site "Reykjavik ISL"]
[Date "2013.02.27"]
[Round "10.91"]
[White "Heerde, Thomas"]
[Black "Stefansson, Vignir Vatnar"]
[Result "1-0"]
[WhiteElo "2053"]
[BlackElo "1652"]
[WhiteFideId "12945684"]
[BlackFideId "2308649"]
[EventDate "2013.02.19"]

1. e4 c5 2. Nf3 e6 3. d3 b6 4. g3 Bb7 5. Bg2 d6 6. O-O Nd7 7. Ng5 h6 8. Nh3 Qc7
9. f4 O-O-O 10. Nc3 a6 11. Bd2 Ne7 12. a3 g6 13. Rb1 Bg7 14. Qe1 Nc6 15. Ne2
Rhe8 16. b4 f5 17. Nf2 Rg8 18. c3 Bf6 19. a4 g5 20. a5 b5 21. c4 bxc4 22. bxc5
Nxc5 23. dxc4 gxf4 24. Nxf4 Ne5 25. Be3 Ned7 26. exf5 Bxg2 27. Kxg2 Qc6+ 28. Kg1
Ne5 29. Nd1 Bg5 30. Qb4 Bxf4 31. Rxf4 Ned7 32. Bxc5 dxc5 33. Qc3 Qd6 34. Qf3 Qc7
35. fxe6 Ne5 36. Qa8+ 1-0

[Event "Reykjavik Open 2013"]
[Site "Reykjavik ISL"]
[Date "2013.02.27"]
[Round "10.92"]
[White "Kolka, Dawid"]
[Black "Jablon, Stephen"]
[Result "0-1"]
[WhiteElo "1646"]
[BlackElo "1896"]
[WhiteFideId "2308010"]
[BlackFideId "2019833"]
[EventDate "2013.02.19"]

1. e4 c6 2. d4 d5 3. e5 Bf5 4. h4 h5 5. Bd3 Bxd3 6. Qxd3 Qa5+ 7. Nd2 Rh6 8. c3
Rg6 9. g3 Nh6 10. Nb3 Qa6 11. Qf3 Nd7 12. Ne2 Ng4 13. Nf4 Rh6 14. Nxh5 Ngxe5 15.
Nxg7+ Bxg7 16. Qe2 Nd3+ 17. Kd2 Rf6 18. f4 Nxc1 19. Nxc1 Qb6 20. Nb3 Re6 21. Qf3 0-1

[Event "Reykjavik Open 2013"]
[Site "Reykjavik ISL"]
[Date "2013.02.27"]
[Round "10.93"]
[White "Magnusdottir, Veronika Steinunn"]
[Black "Birgisdottir, Ingibjorg"]
[Result "1-0"]
[WhiteElo "1557"]
[BlackElo "1783"]
[WhiteFideId "2309114"]
[BlackFideId "2309424"]
[EventDate "2013.02.19"]

1. e4 e5 2. Nf3 Nc6 3. d4 exd4 4. Bc4 Nf6 5. e5 d5 6. Bb5 Ne4 7. Nxd4 Bd7 8.
Bxc6 bxc6 9. O-O Bc5 10. Be3 Bb6 11. f3 Ng5 12. f4 Ne6 13. c3 O-O 14. Nd2 f6 15.
N2f3 c5 16. Nb3 fxe5 17. Qxd5 exf4 18. Bxc5 Kh8 19. Bxb6 axb6 20. Ne5 Qg5 21.
Nf7+ Rxf7 22. Qxa8+ Rf8 23. Qf3 Qg6 24. Rad1 Ng5 25. Qd3 Bf5 26. Qd8 Re8 27.
Qxc7 Nh3+ 28. Kh1 Be4 29. Rd2 f3 30. Qg3 fxg2+ 31. Rxg2 Bxg2+ 32. Qxg2 Qe6 33.
Nd4 Qe3 34. Nf5 Qe4 35. Nd6 Qe1 36. Nxe8 1-0

[Event "Reykjavik Open 2013"]
[Site "Reykjavik ISL"]
[Date "2013.02.27"]
[Round "10.96"]
[White "Vignisson, Ingvar Egill"]
[Black "Bakkes, Frits"]
[Result "1-0"]
[WhiteElo "1542"]
[BlackElo "1750"]
[WhiteFideId "2309270"]
[BlackFideId "1044079"]
[EventDate "2013.02.19"]

1. c4 e5 2. g3 Nf6 3. Bg2 c6 4. d4 exd4 5. Qxd4 Na6 6. a3 Bc5 7. Qe5+ Be7 8. Nc3
O-O 9. b4 Re8 10. Qd4 d5 11. cxd5 cxd5 12. Nh3 Nc7 13. Nf4 Ne6 14. Nxe6 Bxe6 15.
O-O Ng4 16. Nxd5 Bxd5 17. Qxd5 Qc7 18. Qxb7 Qc4 19. Bd5 Qxe2 20. Bg5 Rab8 21.
Rae1 Rxb7 22. Rxe2 Rc7 23. Bxe7 Rexe7 24. Rxe7 Rxe7 25. Rc1 g6 26. Kg2 Rd7 27.
Rc5 Kf8 28. h3 Nf6 29. Bc6 Rc7 30. b5 Ke7 31. Kf3 Nd7 32. Rc3 Ne5+ 33. Ke4 f6
34. f4 Nxc6 35. Rxc6 Rxc6 36. bxc6 Kd6 37. c7 Kxc7 38. Kd5 Kd7 39. g4 h6 40. h4
a6 41. f5 gxf5 42. gxf5 h5 43. Kc5 Kc7 44. a4 Kd7 45. Kb6 Kd6 46. Kxa6 Ke5 47.
Kb5 Kxf5 48. a5 Kg4 49. a6 Kxh4 50. a7 Kg3 51. a8=Q h4 52. Qh1 f5 53. Kc4 f4 54.
Kd3 f3 55. Qg1+ Kh3 56. Qh1+ Kg4 57. Ke3 1-0

[Event "Reykjavik Open 2013"]
[Site "Reykjavik ISL"]
[Date "2013.02.27"]
[Round "10.97"]
[White "Thorhallsson, Simon"]
[Black "Holm, Fridgeir K"]
[Result "1-0"]
[WhiteElo "1451"]
[BlackElo "1733"]
[WhiteFideId "2310090"]
[BlackFideId "2307324"]
[EventDate "2013.02.19"]

1. Nf3 Nf6 2. g3 b6 3. Bg2 Bb7 4. O-O d6 5. d3 Nbd7 6. e4 e5 7. Nh4 d5 8. exd5
Bxd5 9. f4 Bxg2 10. Kxg2 Be7 11. Nc3 O-O 12. Nf5 Bb4 13. Qf3 Re8 14. a3 Bxc3 15.
bxc3 e4 16. dxe4 Rxe4 17. Bb2 Qf8 18. Rfe1 Rae8 19. Rxe4 Rxe4 20. Rd1 g6 21.
Rxd7 gxf5 22. Rd2 Qc5 23. c4 Qe7 24. Qc3 Re6 25. Rd5 Rc6 26. Re5 Qd7 27. Qd3
Qxd3 28. cxd3 Rd6 29. Rxf5 Nd7 30. d4 Rc6 31. Rd5 Nf6 32. Rg5+ Kf8 33. c5 Ke7
34. Re5+ Re6 35. cxb6 cxb6 36. f5 Rxe5 37. dxe5 Nd5 38. Kf3 Kd7 39. Ke4 Nc7 40.
g4 Ke7 41. g5 a5 42. h4 b5 43. h5 Ne8 44. h6 Kf8 45. Kd5 b4 46. a4 Nc7+ 47. Kd6
Na6 48. e6 b3 49. g6 fxg6 50. fxg6 1-0

[Event "Reykjavik Open 2013"]
[Site "Reykjavik ISL"]
[Date "2013.02.27"]
[Round "10.98"]
[White "Billot, Daniel"]
[Black "Jonsson, Gauti Pall"]
[Result "0-1"]
[WhiteElo "1731"]
[BlackElo "1519"]
[WhiteFideId "618004"]
[BlackFideId "2309092"]
[EventDate "2013.02.19"]

1. e4 c5 2. c3 d5 3. exd5 Qxd5 4. d4 cxd4 5. cxd4 Nc6 6. Nf3 e6 7. Nc3 Bb4 8.
Be2 Nf6 9. O-O Qd7 10. Be3 O-O 11. Qb3 Bxc3 12. bxc3 b6 13. Bb5 Bb7 14. Rac1 Qc8
15. Be2 Re8 16. c4 Na5 17. Qb2 Ba6 18. c5 Bxe2 19. cxb6 Qa6 20. Rfe1 Bxf3 21.
gxf3 Qxb6 22. Rc2 Nd5 23. Rd2 Nc4 24. Qc2 0-1

[Event "Reykjavik Open 2013"]
[Site "Reykjavik ISL"]
[Date "2013.02.27"]
[Round "10.99"]
[White "Petersen, Jakob Alexander"]
[Black "Seim, Fredrik"]
[Result "0-1"]
[WhiteElo "1370"]
[BlackElo "1714"]
[WhiteFideId "2309130"]
[BlackFideId "1516442"]
[EventDate "2013.02.19"]

1. c4 e5 2. g3 Nf6 3. Bg2 Bc5 4. Nc3 O-O 5. Nf3 Nc6 6. O-O Re8 7. e3 d6 8. Na4
e4 9. Nxc5 dxc5 10. Ne1 Ne5 11. b3 Bg4 12. f3 exf3 13. Nxf3 Nd3 14. h3 Bh5 15.
g4 Bg6 16. Ne1 Ne4 17. Nxd3 Qxd3 18. Re1 Rad8 19. Bf1 Qd6 20. d4 Qg3+ 21. Bg2
Nf2 22. Qd2 Nxh3+ 23. Kf1 Bd3+ 24. Re2 Qf2# 0-1

[Event "Reykjavik Open 2013"]
[Site "Reykjavik ISL"]
[Date "2013.02.27"]
[Round "10.100"]
[White "Ragnarsson, Heimir Pall"]
[Black "Heimisson, Hilmir Freyr"]
[Result "1/2-1/2"]
[WhiteElo "1354"]
[BlackElo "1693"]
[WhiteFideId "2308860"]
[BlackFideId "2309998"]
[EventDate "2013.02.19"]

1. e4 c5 2. Nc3 g6 3. d3 Bg7 4. Nge2 Nc6 5. Be3 d6 6. g3 h5 7. Qd2 Ne5 8. Bg2
Bh3 9. O-O Bxg2 10. Kxg2 e6 11. f4 Ng4 12. h3 Nxe3+ 13. Qxe3 a6 14. a4 Nf6 15.
Ra3 Nd7 16. Rb3 Qc8 17. f5 gxf5 18. exf5 e5 19. Kh2 Nf6 20. Ne4 Nxe4 21. Qxe4
Rb8 22. Nc3 Qd7 1/2-1/2